Govt. of
Madhya Pradesh

Man and Environment in NE India Volume III (Record no. 64874)

MARC details
000 -LEADER
fixed length control field 00272nam a2200109Ia 4500
008 - FIXED-LENGTH DATA ELEMENTS--GENERAL INFORMATION
fixed length control field 221009s9999 xx 000 0 und d
082 ## - DEWEY DECIMAL CLASSIFICATION NUMBER
Classification number 720/MED
100 ## - MAIN ENTRY--PERSONAL NAME
Personal name Medhi, Dilip K.
9 (RLIN) 997
245 #0 - TITLE STATEMENT
Title Man and Environment in NE India Volume III
260 ## - PUBLICATION, DISTRIBUTION, ETC. (IMPRINT)
Name of publisher, distributor, etc. EBH Pub.
942 ## - ADDED ENTRY ELEMENTS (KOHA)
Koha item type Books

No items available.